El Mundo al revés: imágenes de la mujer indígena /
Contenido: Sucios, macabros e inferiores.-Hagase en mí según tu palabra: el servicio doméstico.-Las iluminadas.-Y cómo evitar la culpa: los arreglos familiares.-El dolor de los mitos.-Resistirá por siempre al invasor.-Los indígenas no quieren serlo (basta con las mujeres)
שמור ב:
| מחבר ראשי: | |
|---|---|
| Autores Corporativos: | , |
| פורמט: | Texto |
| שפה: | Spanish |
| יצא לאור: |
Buenos Aires:
CLACSO
|
| נושאים: | |
| תגים: |
הוספת תג
אין תגיות, היה/י הראשונ/ה לתייג את הרשומה!
|
MARC
| LEADER | 00000 a a2200000 04500 | ||
|---|---|---|---|
| 001 | 26669 | ||
| 003 | cru CIDCACS/IIS | ||
| 005 | 20170825124626.0 | ||
| 008 | 170825b xxu||||| |||| 00| 0 spa d | ||
| 999 | |c 6111 |d 6111 | ||
| 020 | |a 950-9231-67-3 | ||
| 040 | |c CIDCACS/IIS | ||
| 090 | |a 05.03.03 B276m | ||
| 100 | |a Barrig, Maruja | ||
| 110 | |a CLACSO | ||
| 245 | |a El Mundo al revés: |b imágenes de la mujer indígena / |c Maruja Barrig | ||
| 260 | |a Buenos Aires: |b CLACSO | ||
| 300 | |a 127 páginas | ||
| 500 | |a Disponible tambien en Cd, en No. 194103 | ||
| 520 | |a Contenido: Sucios, macabros e inferiores.-Hagase en mí según tu palabra: el servicio doméstico.-Las iluminadas.-Y cómo evitar la culpa: los arreglos familiares.-El dolor de los mitos.-Resistirá por siempre al invasor.-Los indígenas no quieren serlo (basta con las mujeres) | ||
| 650 | |a MUJERES | ||
| 650 | |a TRABAJO DOMESTICO | ||
| 650 | |a POBLACION INDIGENA | ||
| 650 | |a FEMENISMO | ||
| 650 | |a IDENTIDAD CULTURAL | ||
| 650 | |a DISCRIMINACION RACIAL | ||
| 650 | |a MIGRACION RURAL URBANA | ||
| 650 | |a ACULTURACION | ||
| 650 | |a IDEOLOGIAS | ||
| 650 | |a RELACIONES DE GENERO | ||
| 710 | |a Agencia Sueca de Desarrollo Internacional |a ASDI | ||
| 942 | |2 ddc |c LI | ||



